000 01201nam a22002777a 4500
003 OSt
005 20250711125231.0
008 200909s1995 ck a|||br|||| 00| 0 spa d
020 _a9582400560
040 _aCO-JMCR
_cCO-JMCR
041 0 _aspa
082 0 4 _223
_aN
_bBERc
100 1 _aBernal Pinilla, Luis Darío,
_eautor
_98659
245 1 0 _aCatalino Bocachica /
_cLuis Darío Bernal Pinilla ; ilustraciones de Nicolás Lozano
250 _aPrimera edición
260 _aBogotá :
_bAlfaguara,
_c1995.
300 _a95 páginas :
_bilustraciones a blanco y negro ;
_c20 cm.
490 1 _aAlfaguara infantil
500 _aDatos biográficos del autor en página [6].
520 0 _aHay sueños y aspiraciones de muy diversa condición en todos los niños y jóvenes. Algunos de ellos llegan a hacerse realidad. En Bocachica, un lugar ubicado a la entrada de bahía de Cartagena de Indias, un niño de doce años se empeña en ser boxeador.
650 2 4 _aNovela colombiana--
_ySiglo XXI
_910010
650 2 4 _aBoxeo en la literatura infantil
_910011
650 2 4 _aSueños
_xAspiraciones
_xLiteratura infantil
_910012
700 1 _aLozano, Nicolás,
_eilustrador
_910013
942 _2ddc
_cBK
999 _c6831
_d6831